00445nam a2200145Ia 4500008004100000020001500041041000800056082001600064100001800080245014300098250000600241260003300247300000800280650001100288210716s1988 xx 000 0 und d a0553272063 aeng a808.83 BERN aBerger, Nomi. aSo many promises: a moving novel of a womans victory over her shattered past.bA moving novel of a womans victory over her shattered past. a1 aNew YorkbBantam booksc1988 a432 aNovels